000 00961nam a2200205 i 4500
001 165384
003 ES-MaACL
005 20250830222954.0
008 931025s1898 sp |||| | spa d
080 _a94(460)"1898"
100 1 _aSilvela, Francisco,
_d1845-1905
_9106425
245 1 0 _aDiscursos del Excmo. Sr. D. Francisco Silvela pronunciados en el Congreso de los Diputados los días 30 de abril, 5 y 7 de mayo de 1898 con motivo de la guerra con los Estados Unidos.
260 _aMadrid :
_b[s.n.],
_c1898 (
_fImp., Fund. y Fáb. de tintas de los Hijos de J.A. García)
300 _a48 p. ;
_c19 cm.
530 _aDisponible también en sitio web.
650 0 4 _aGuerra hispano-americana, 1898
_913207
852 _aES-MaACL
_jL-4902(9-3)
_z-- Enc. hol.
_z-- Donativo Roda
856 _uhttp://bibliotecadigitalhispanica.bne.es:80/webclient/DeliveryManager?pid=1885759&custom_att_2=simple_viewer
_zIr a la página
999 _c165384
_d165384